000 00729nam a22001337a 4500
040 _cRUA
082 _aLMA KHA 2017 B640 Or.1
100 _aKHAT PHANIT ខាត់ ផានិត្យ
245 _astudy on normalized different vegetation indices for analysing landsat8 image in battambong province ការសិក្សារពីការប្រៀធៀបបចេ្ចស NORMALIZED DIFFERENT VEGETATION INDICES សម្រាប់បកស្រាយរូបភាព LANDSAT8 នៅខេត្តបាត់ដំបង
260 _aRUA
_bPhnom penh
_c2017
300 _aix;38p
_bill;
_c29cm
856 _uhttps://drive.google.com/file/d/1bRBU9-DSgGMc7uoBhCy6PKiY858sG03T/view?usp=sharing
942 _cLMA
999 _c18128
_d18128